National Parks with Wolves - Statistics

General Stats
  • This quiz has been taken 84 times
  • The average score is 12 of 17
Answer Stats
National Park % Correct
Yellowstone
100%
Glacier
89%
Denali
84%
Wrangell-St Elias
75%
Grand Teton
73%
Katmai
73%
Isle Royale
70%
North Cascades
70%
Glacier Bay
68%
Mount Rainier
68%
Gates of the Arctic
66%
Kenai Fjords
64%
Voyageurs
61%
Kobuk Valley
59%
Crater Lake
57%
Lake Clark
57%
Lassen Volcanic
39%
No matching quizzes found
Score Distribution
Percent of People with Each Score
Percentile by Number Answered
Your Score History
You have not taken this quiz